000 00321nam a22001337a 4500
003 SGT
082 _a616.01
_bO26S
100 _aSASTRY, APURBA S.
245 _aONE STAP RESOURCE FOR ALL YOUR EXAM NEEDS MICROBIOLOGY
260 _aINDIA
_bJAYPEE PUB
_c2026
300 _a163
650 _aMICROBIOLOGY
942 _2ddc
_cBK
999 _c34331
_d34331